Vainqueurs en Nascar Sprint Cup depuis 2000 - Statistiques

Statistiques générales
  • Ce quiz a été pris 249 fois
    12 depuis la dernière actualisation
  • Le résultat moyen est 49 sur 74
Statistiques - réponses
Victoire Pilotes % Correct
61 Denny Hamlin
100%
34 Kurt Busch
100%
63 Kyle Busch
100%
6 Austin Dillon
90%
3 Booba Wallace
90%
76 Dale Earnhardt
90%
26 Dale Earnhardt Jr
90%
83 Jimmie Johnson
90%
37 Joey Logano
90%
2 Juan Pablo Montoya
90%
32 Kyle Larson
90%
55 Rusty Wallace
90%
13 Tyler Reddick
90%
44 Bill Elliott
80%
36 Brad Keselowski
80%
28 Carl Edwards
80%
22 Chase Elliott
80%
60 Kevin Harvick
80%
39 Matt Kenseth
80%
18 Ryan Blaney
80%
3 Austin Cindric
70%
21 Bobby Labonte
70%
5 Chase Briscoe
70%
13 Christopher Bell
70%
93 Jeff Gordon
70%
40 Mark Martin
70%
34 Martin Truex Jr
70%
4 Michael Waltrip
70%
2 Mickael Mcdowell
70%
4 Ricky Stenhouse Jr
70%
3 Robby Gordon
70%
6 Shane Van Gisbergen
70%
22 Terry Labonte
70%
49 Tony Stewart
70%
1 Ty Gibbs
70%
16 William Byron
70%
3 AJ Allmendinger
60%
8 Alex Bowman
60%
3 Aric Almirola
60%
1 Casey Mears
60%
10 Clint Bowyer
60%
2 Daniel Suarez
60%
3 Erik Jones
60%
19 Greg Biffle
60%
1 Harrison Burton
60%
7 Jamie McMurray
60%
21 Jeff Burton
60%
2 Marcos Ambrose
60%
1 Paul Menard
60%
18 Ryan Newman
60%
1 Trevor Bayne
60%
5 Ward Burton
60%
4 Bobby Hamilton
50%
1 Carson Hocevar
50%
6 Chris Buescher
50%
32 Dale Jarrett
50%
2 David Ragan
50%
3 Eliott Sadler
50%
4 Joe Nemechek
50%
1 Josh Berry
50%
1 Justin Haley
50%
18 Kasey Kahne
50%
2 Ricky Craven
50%
23 Ricky Rudd
50%
6 Ross Chastain
50%
10 Sterling Marlin
50%
2 Steve Park
50%
3 Brian Vickers
40%
1 Cole Custer
40%
2 David Reutimann
40%
5 Jeremy Mayfield
40%
1 Jerry Nadeau
40%
1 Johnny Benson
40%
1 Regan Smith
40%
Aucun quiz correspondant
Distribution des résultats
% des personnes avec chaque résultat
Percentile par nombre de réponses
Votre historique - résultats
Vous n’avez pas pris ce quiz depuis la dernière actualisation